IT in Agriculture (Record no. 63058)

000 -LEADER
fixed length control field 00419pab a2200181 454500
008 - FIXED-LENGTH DATA ELEMENTS--GENERAL INFORMATION
fixed length control field 180718b2004 xxu||||| |||| 00| 0 eng d
100 ## - MAIN ENTRY--PERSONAL NAME
Personal name Islam, Shahanawazul
245 ## - TITLE STATEMENT
Title IT in Agriculture
260 ## - PUBLICATION, DISTRIBUTION, ETC.
Date of publication, distribution, etc. 2004
300 ## - PHYSICAL DESCRIPTION
Extent p.28-30.
362 ## - DATES OF PUBLICATION AND/OR SEQUENTIAL DESIGNATION
Dates of publication and/or sequential designation Nov
650 ## - SUBJECT ADDED ENTRY--TOPICAL TERM
Topical term or geographic name entry element Information technology
650 ## - SUBJECT ADDED ENTRY--TOPICAL TERM
Topical term or geographic name entry element Agriculture
700 ## - ADDED ENTRY--PERSONAL NAME
Personal name Farooqi, Samir
700 ## - ADDED ENTRY--PERSONAL NAME
Personal name Agarwal, Hari Om
773 ## - HOST ITEM ENTRY
Main entry heading Yojana
909 ## -
-- 63058
Holdings
Withdrawn status Lost status Damaged status Not for loan Permanent Location Current Location Date acquired Serial Enumeration / chronology Barcode Date last seen Price effective from Koha item type
        Indian Institute of Public Administration Indian Institute of Public Administration 2018-07-19 Volume no: 48, AR63508 2018-07-19 2018-07-19 Articles

Powered by Koha